000 01064 a2200241 4500
005 20080919150917.0
008 080919t xxu||||| |||| 00| 0 hin d
010 _aHIN-81265
020 _c150.00
_a8188441171
035 _aHN-53611
037 _bD.B.Act / pub
082 _a
100 _aमधुरकमल
245 _aलकड़ी का पुल
_cमधुरकमल
246 _aLakari ka pul
_bby Madhurkamal
260 _aदिल्ली
_bप्रथम प्रकाशन गृह
_c2007
270 _a1/10038-ई, पं. गोरख पार्क, गली नं.3, शाहदरा
_bदिल्ली
_k22969962 , 09868990519
_e110032
300 _a112पृ
_c22सेमी (सजिल्द)
650 _aहिन्दी कहानियाँ
650 _aHindi Stories
942 _adpl
_cHN
_kक / मधुर
_2ddc
_h
_mमधुर
999 _c8027
_d8027